000 00955 a2200193 4500
003 Nust
005 20230103103902.0
010 _a 88010307
020 _a0387174524
040 _cNust
082 0 0 _a629.892,VUK
100 1 _aVukobratovi⣬ Miomir.
_9106702
245 1 0 _aIntroduction to robotics /
_cMiomir Vukobratovic
260 _aBerlin ;
_aNew York :
_bSpringer-Verlag,
_c1989.
300 _axiv, 301 p. :
_bill. ;
_c24 cm.
505 _aGeneral Introduction to Robots (Page-1), Manipulator Kinematic Model (Page-19), Dynamics and Dynamic Analysis of Manipulation Robots (Page-50), Control of Robots (Page-118), Microprocessor Implementation of Control Algorithms (Page-162), Industrial Robot Programming Systems (Page-180), Sensors in Robotics (Page-208), Elements, Structures and Application of Industrial Robots (Page-230), Robotics and Flexible Automation Systems (Page-270),
650 0 _aTelecommunication engineering
942 _2ddc
_cBK
999 _c184012
_d184012